00485nam a2200181Ia 450000500170000000800410001704000190005804100120007708200150008910000190010424500450012326000270016830000120019550400500020765000210025765100150027885000100029320230616103251.0131103s9999 xx 000 0 und d aLoreto College aEnglish a808.2bESS aEsslin, Martin 4aThe theatre of the absurdcMartin Esslin aLondon bPenguinc1967 a463 p.  aIncludes bibliographical references and inedx aRhetoric -Drama  aLiterature aLCLIB